Real or Made Up Countries Sudden Death - Statistics

General Stats
  • This quiz has been taken 81 times
  • The average score is 8 of 9
Answers on the Grid
Answers color-coded by a green-red scale on the quiz's grid according to % correct below.
Kazbekistan
Elbonia
Lesotho
Eswatini
Slobovia
Kırıbatı
Aldovia
Brunei
Djibouti
Ruritania
Malawi
San Lorenzo
Palau
Zubrowka
Genovia
Mozambique
Nambutu
Transbelvia
Georgia
Bavaria
 
Answer Stats
Answer % Correct
Georgia
97%
Brunei
93%
Djibouti
93%
Eswatini
93%
Mozambique
93%
Lesotho
92%
Kırıbatı
90%
Malawi
90%
Palau
90%
No matching quizzes found
Score Distribution
Percent of People with Each Score
Percentile by Number Answered
Your Score History
You have not taken this quiz